00502nam a2200181Ia 450000500170000000800410001704000190005804100120007708200130008910000150010224500510011726000440016830000130021244000440022565000260026965100150029585000100031020221012103234.0131103s9999 xx 000 0 und d aLoreto College aEnglish a152bHYM aHyman, Ray 4aThe Nature of psychological inquirycRay Hyman aNew DelhibPrentice-Hall of Indiac1970 axi,116p  aFoundations of modern psychology series aPsychological Inquiry aPsychology aLCLIB